000 01067nam0a22002891 4500
001 rc\2351224
005 20110829152605.9
035 _a(NLR Aleph) 006682248
090 _a5089111
_c5089111
100 _a20110829d1977 |||y0rusy50 ca
101 0 _arus
102 _aRU
105 _ay z |||||
200 1 _aОценка качества работы
_fА.А. Карманов
_gНауч. ред. канд. экон. наук Ю.С. Перевощиков
210 _aИжевск
_cУдмуртия
_d1977
215 _a103 с.
_d20
320 _aСписок лит.: с. 102 (7 назв.)
606 _aПромышленная продукция
_xКачество
_xТехнико-экономический анализ
_2rkp
700 1 _aКарманов
_bА. А.
_gАркадий Александрович
702 1 _aПеревощиков
_bЮ. С.
_4340
801 0 _aRU
_bNLR
_gpsbo
801 1 _aRU
_bELAR
_2rusmarc
852 _aNLR
_j78-3/2356
899 _aRuMoRGB
_jБ 77-27/2617
899 _aRuMoRGB
_jБ 77-27/2618
942 _cBOOK
980 _aNB